PHYSIOLOGY PRACTICAL MANUAL (Record no. 8307)

MARC details
000 -LEADER
fixed length control field 00342nam a22001577a 4500
003 - CONTROL NUMBER IDENTIFIER
control field SGT
082 ## - DEWEY DECIMAL CLASSIFICATION NUMBER
Classification number 612
Item number P15K
100 ## - MAIN ENTRY--PERSONAL NAME
Personal name KAPOOR, RAJ
245 ## - TITLE STATEMENT
Title PHYSIOLOGY PRACTICAL MANUAL
250 ## - EDITION STATEMENT
Edition statement 3RD
260 ## - PUBLICATION, DISTRIBUTION, ETC. (IMPRINT)
Place of publication, distribution, etc VARANASI
Name of publisher, distributor, etc C.B.S PUB
Year of Publication 2015
300 ## - PAGE DESCRIPTION
No. of Pages 263
650 ## - SUBJECT ADDED ENTRY--TOPICAL TERM
Topical term or geographic name as entry element PHYSIOLOGY
653 ## - KEYWORDS--INDEX TERM
Keyword term PRACTICAL ,PHYSIOLOGY
942 ## - ADDED ENTRY ELEMENTS (KOHA)
Source of classification or shelving scheme Dewey Decimal Classification
Koha item type Books
942 ## - ADDED ENTRY ELEMENTS (KOHA)
-- 5
Holdings
Withdrawn status Lost status Source of classification or shelving scheme Damaged status Not for loan Collection code Home library Current library Shelving location Date acquired Vendor Name Cost, normal purchase price SGTU Bill Number Total Checkouts Full call number Accession No. (Barcode) Date last seen Date last borrowed Bill Date Koha item type
    Dewey Decimal Classification     AYURVEDA SGT FA-FP Library SGT FA-FP Library Text Book 04/03/2016 CHAUKHAMBHA 395.00 SGTU CP/B/724 5 612 P15K FA2946 10/12/2024 10/12/2024 16/12/2015 Books
    Dewey Decimal Classification     AYURVEDA SGT FA-FP Library SGT FA-FP Library Text Book 04/03/2016 CHAUKHAMBHA 395.00 SGTU CP/B/724 10 612 P15K FA2947 25/11/2025 25/11/2025 16/12/2015 Books
    Dewey Decimal Classification     AYURVEDA SGT FA-FP Library SGT FA-FP Library Text Book 04/03/2016 CHAUKHAMBHA 395.00 SGTU CP/B/724 6 612 P15K FA2948 14/12/2017 14/12/2017 16/12/2015 Books
    Dewey Decimal Classification     AYURVEDA SGT FA-FP Library SGT FA-FP Library Text Book 04/03/2016 CHAUKHAMBHA 395.00 SGTU CP/B/724 2 612 P15K FA2949 24/04/2024 24/04/2024 16/12/2015 Books
    Dewey Decimal Classification     AYURVEDA SGT FA-FP Library SGT FA-FP Library Text Book 04/03/2016 CHAUKHAMBHA 395.00 SGTU CP/B/724 6 612 P15K FA2950 25/01/2018 25/01/2018 16/12/2015 Books